La encinclopedia de lo maravilloso : (Registro nro. 8030)
[ vista simple ]
| 000 -CABECERA | |
|---|---|
| Longitud fija campo de control | 01097nam a2200289ua 4500 |
| 003 - • IDENTIFICADOR DELl NÚMERO DE CONTROL | |
| Identificador del número de control | CO-ViMGA |
| 005 - • FECHA Y HORA DE LA ÚLTIMA TRANSACCIÓN | |
| Fecha y hora de la última transacción | 20230915233611.0 |
| 008 - • CÓDIGOS DE INFORMACIÓN DE LONGITUD FIJA | |
| Códigos de información de longitud fija | 130614s2013 ck r 00010dspa d |
| 020 ## - • NÚMERO INTERNACIONAL NORMALIZADO PARA LIBROS | |
| Número Internacional Normalizado para Libros (ISBN) | 9789583040665 |
| 040 ## - FUENTE DE LA CATALOGACIÓN | |
| Centro catalogador de origen | CO-ViMGA |
| Lengua de catalogación | spa |
| Centro transcriptor | CO-ViMGA |
| 082 04 - • NÚMERO DE LA CLASIFICACIÓN DECIMAL DEWEY | |
| Número de clasificación (R) | 398.21 |
| Número de edición | 21 |
| Número del ítem | B71b |
| 100 1# - • PUNTO DE ACCESO PRINCIPAL-NOMBRE DE PERSONA | |
| Nombre de persona | Brasey, Edouard, |
| Fechas asociadas al nombre | 1954- |
| 245 13 - • TITULO PROPIAMENTE DICHO | |
| Título | La encinclopedia de lo maravilloso : |
| Resto del título | bestiario fantastico / |
| Mención de responsabilidad, etc. | Edouard Brasey ; ilustrador Sandrine Gestin ; traductora Juliana Camacho. |
| 250 ## - • MENCIÓN DE EDICIÓN | |
| Mención de edición | Editora Diana Lopez de Mesa O. |
| 300 ## - • DESCRIPCIÓN FÍSICA | |
| Extensión | 160 p. ; |
| Dimensiones | 28 cm. |
| 504 ## - • NOTA DE BIBLIOGRAFÍA, ETC | |
| Nota de bibliografía, etc. | Incluye bibliografia e indice. |
| 534 ## - • Nota De Versión Original | |
| -- | Titulo original. : |
| Título | L Encyclopodie du merveilleux : du bestiaire fantastique. |
| 650 14 - • PUNTO DE ACCESO ADICIONAL DE MATERIA - TÉRMINO DE MATERIA | |
| Término de materia o nombre geográfico como elemento inicial | Literatura fantastica |
| Subdivisión de forma | Enciclopedias. |
| 650 14 - • PUNTO DE ACCESO ADICIONAL DE MATERIA - TÉRMINO DE MATERIA | |
| Término de materia o nombre geográfico como elemento inicial | Mitologia |
| Subdivisión de forma | Enciclopedias. |
| 650 14 - • PUNTO DE ACCESO ADICIONAL DE MATERIA - TÉRMINO DE MATERIA | |
| Término de materia o nombre geográfico como elemento inicial | Personajes fantasticos |
| Subdivisión de forma | Enciclopedias. |
| 700 1# - • PUNTO DE ACCESO ADICIONAL - NOMBRE DE PERSONA | |
| Nombre de persona | Camacho, Juliana, |
| Término indicativo de función | tr. |
| 700 1# - • PUNTO DE ACCESO ADICIONAL - NOMBRE DE PERSONA | |
| Nombre de persona | Gestin, Sandrine, |
| Término indicativo de función | il. |
| 700 1# - • PUNTO DE ACCESO ADICIONAL - NOMBRE DE PERSONA | |
| Nombre de persona | Lopez de Mesa O., Diana, |
| Término indicativo de función | ed. |
| 942 ## - ENTRADA DE ELEMENTOS AGREGADOS (KOHA) | |
| Fuente de clasificaión o esquema | Dewey Decimal Classification |
| Koha [por defecto] tipo de item | LIbro |
| Perdido | Fuente de clasificación o esquema | Estado Físico | No para préstamo | Forma de adquisición | Localización permanente | Localización actual | Fecha adquisición | Préstamos totales | Signatura completa | Código de barras | Fecha última consulta | Fecha último préstamo | Fecha del precio de reemplazo | Tipo de item de Koha | Localización en estanterías | Número de copia |
|---|---|---|---|---|---|---|---|---|---|---|---|---|---|---|---|---|
| Dewey Decimal Classification | Sala General Segundo Piso | Biblioteca Pública Germán Arciniegas - Villavicencio | Biblioteca Pública Germán Arciniegas - Villavicencio | 03/31/2020 | 1 | 398.21 B71b | 33138 | 07/06/2020 | 06/24/2020 | 03/31/2020 | LIbro | |||||
| Dewey Decimal Classification | Sala General Segundo Piso | Biblioteca Pública Germán Arciniegas - Villavicencio | Biblioteca Pública Germán Arciniegas - Villavicencio | 03/31/2020 | 398.21 B71b | 33139 | 03/31/2020 | 03/31/2020 | LIbro | |||||||
| Dewey Decimal Classification | Colección General | Biblioteca Pública Mapiripan - Jorge Eliecer Gaitán | Biblioteca Pública Mapiripan - Jorge Eliecer Gaitán | 08/14/2025 | 398.21 B71b | MPJG00515 | 08/14/2025 | 08/14/2025 | LIbro | General | Ej.1 |